Workbook: To Accompany, (Record no. 6036)

MARC details
005 - DATE AND TIME OF LATEST TRANSACTION
control field 20250628135049.0
020 ## - INTERNATIONAL STANDARD BOOK NUMBER
International Standard Book Number 0-201-51479-6
082 ## - DEWEY DECIMAL CLASSIFICATION NUMBER
Classification number 651.3SMI
100 ## - MAIN ENTRY--PERSONAL NAME
Author name SMITH, P.
245 ## - TITLE STATEMENT
Title Workbook: To Accompany,
250 ## - EDITION STATEMENT
Edition statement 4th Ed.
260 ## - PUBLICATION, DISTRIBUTION, ETC.
Place of publication, distribution, etc. Don Mills,
Name of publisher, distributor, etc. Addison- Wesley,
Date of publication, distribution, etc. 1999.
300 ## - PHYSICAL DESCRIPTION
Extent 252p,: ill.; figure, table
Dimensions 27.5cm
700 ## - ADDED ENTRY--PERSONAL NAME
Other authors/Editors BEDFORD, J. M.
942 ## - ADDED ENTRY ELEMENTS (KOHA)
Source of classification or shelving scheme Dewey Decimal Classification
Koha item type Books
Holdings
Date last seen Total checkouts Full call number Barcode Cost, replacement price Price effective from Koha item type Lost status Source of classification or shelving scheme Damaged status Not for loan Withdrawn status Home library Current library Shelving location Date acquired Cost, normal purchase price
06/28/2025   651.3SMI DOM000510 30000.00 06/28/2025 Books   Dewey Decimal Classification       CBE Dodoma CBE Dodoma General Collection 06/28/2001 10000.00